Statistiques concernant Villes les plus peuplées du Portugal

Cliquez ici pour prendre le quiz!

Statistiques générales

  • Ce quiz a été pris 439 fois
  • Le résultat moyen est 6 sur 20

Statistiques - réponses

PopulationVille% Correct
564 657Lisbonne
99%
263 131Porto
99%
109 460Braga
84%
101 069Coimbra
57%
52 181Guimarães
44%
55 291Aveiro
41%
89 303Setúbal
40%
47 250Viseu
38%
42 745Leiria
33%
100 526Funchal
23%
175 872Amadora
17%
178 255Vila Nova de Gaia
16%
101 500Almada
10%
45 703Matosinhos
7%
78 040Queluz
4%
50 846Odivelas
3%
46 102Ponta Delgada
3%
81 845Agualva-Cacém
1%
44 515Amora
1%
47 695Rio Tinto
1%

Distribution des résultats

Percentile par nombre de réponses

% des personnes avec chaque résultat

Votre développement - résultats

Vous n’avez pas pris ce quiz